Físico-química : activa /

Guardado en:
Autor Principal: Bosack, Alejandro S.
Otros Autores: Lantz, Maximiliano E., López de Oliver, Cristina, Negroti, Pablo F.
Formato: Libro
Publicado: Buenos Aires : Puerto de Palos, 2001
Series:Polimodal
Materias:
Etiquetas: Agregar Etiqueta
Sin Etiquetas, Sea el primero en etiquetar este registro!
LEADER 01048nam a22002655a 4500
001 CEM.cems017755
005 20120315092339.0
008 130507s2001##################000#0#####d
003 CEMS
020 |a 9875470422 
082 0 4 |a 541 
100 1 |a Bosack, Alejandro S. 
245 1 0 |a Físico-química :  |b activa /  |c Alejandro S. Bosack ... [et Al.] 
260 |a Buenos Aires :  |b Puerto de Palos,  |c 2001 
300 |a 239 p. + carp.eta de ap.licación 
490 0 |a Polimodal 
505 0 |a Moviiento e interacciones -- Trabajo y energía -- Calor y termodinámica -- Electicidad y circuitos -- Luz y ondas -- Teoría atómico molecular -- Gases, líquidos y sólidos -- Uniones químicas -- Compuestos orgánicos e inorgánicos -- Reacciones químicas -- Los materiales 
653 |a Física 
653 |a Química 
653 |a Física-polimodal 
653 |a Química-polimodal 
700 1 |a Lantz, Maximiliano E. 
700 1 |a López de Oliver, Cristina 
700 1 |a Negroti, Pablo F. 
859 |a CEMS  |b BIB. CEMS - Agricultura  |h 541  |i B650  |p A1507.12  |t Ej.1